[Event "Kishinev ULIM Cup"]
[Site "Kishinev"]
[Date "2005.10.10"]
[Round "3"]
[White "Karacay, Aybar"]
[Black "Opinca, Sorin"]
[Result "0-1"]
[WhiteElo "2042"]
[BlackElo "2032"]
[PlyCount "78"]
[EventDate "2005.10.08"]
[EventType "swiss"]
[EventRounds "9"]
[EventCountry "MDA"]
[SourceTitle "CBM 108 Extra"]
[Source "ChessBase"]
[SourceDate "2005.11.04"]
[SourceVersion "1"]
[SourceVersionDate "2005.11.04"]
[SourceQuality "1"]

1. c4 g6 2. d4 Bg7 3. Nc3 Nf6 4. e4 d6 5. f3 c6 6. Be3 a6 7. Qd2 b5 8. d5 b4 9. Nd1 a5 10. Bd3 Nfd7 11. f4 Nc5 12. Bc2 Ba6 13. Bd4 0-0 14. Bxg7 Kxg7 15. Ne3 e5 16. fxe5 dxe5 17. Nf3 cxd5 18. cxd5 Nbd7 19. Ng4 Kg8 20. Qh6 f6 21. Nf2 Nb6 22. h4 a4 23. Rd1 b3 24. axb3 axb3 25. Bb1 Nc4 26. 0-0 Nxb2 27. g4 Nxd1 28. Rxd1 Be2 29. Kg2 Bxd1 30. Nxd1 Qd7 31. Kg3 Ra1 32. Nc3 Rxb1 33. Qe3 Rb2 34. Qxc5 Rc2 35. Qb4 b2 36. Nd1 Qc7 37. d6 Qc4 38. Qb7 Qe2 39. Qb3+ Kh8 0-1